ბათუმის შოთა რუსთაველის სახელმწიფო უნივერსიტეტის ბიბლიოთეკა

ცნობიერება : (ბიბ.ჩანაწერი № 46171)

000 -ლიდერი
ფიქსირებული სიგრძის საკონტროლო ველი 01040nam a2200229Ia 4500
001 - საკონტროლო ნომერი
საკონტროლო ველი 13003
003 - საკონტროლო ნომრის იდენტიფიკატორი
საკონტროლო ველი GE_BSU
005 - ბოლო ოპერაციის თარიღი და დრო
საკონტროლო ველი 20240813122731.0
008 - ფიქსირებული სიგრძის მონაცემთა ელემენტები - ზოგადი ინფორმაცია
ფიქსირებული სიგრძის საკონტროლო ველი 181216s2008||||ge |||||||||||||| ||geo||
020 ## - წიგნის საერთაშორისო სტანდარტული ნომერი
International Standard Book Number 9789941130069
040 ## - კატალოგიზაციის წყარო
Transcribing agency GE_BSU
041 ## - ენის კოდი
Language code of text/sound track or separate title geo
080 ## - უნივერსალური ათობითი კლასიფიკაციის ინდექსი
Universal Decimal Classification number 165+130.22+612.821 ც-13
100 ## - მთავარი ჩანაწერი - პიროვნების სახელი
Personal name ცაგარელი, სულხან
9 (RLIN) 15498
245 ## - ცნობა სათაურის შესახებ
Title ცნობიერება :
Remainder of title [სახელმძღვ. თსუ-ს სტუდ.] /
Statement of responsibility, etc სულხან ცაგარელი ; [რედ. ა. შათირიშვილი ; გარეკანი თინათინ ჩირინაშვილი] ; თსუ.
264 ## - წარმოების, გამოცემის, დისტრიბუციის და სხვა ცნობები
გამოცემის, წარმოების, დისტრიბუციის... ადგილი თბილისი :
გამოცემის, წარმოების, დისტრიბუციის... სახელწოდება თბილისის უნ-ტის გამ-ბა,
გამოცემის, წარმოების, დისტრიბუციის... თარიღი 2008.
300 ## - ფიზიკური აღწერა
Extent 177გვ. ;
Dimensions 20 სმ.
653 ## - INDEX TERM--UNCONTROLLED
Uncontrolled term ცნობიერება
653 ## - INDEX TERM--UNCONTROLLED
Uncontrolled term ფსიქოფიზიოლოგია
700 ## - ADDED ENTRY--PERSONAL NAME
Personal name შათირიშვილი, ა.
Relator term რედაქტორი
9 (RLIN) 2669
942 ## - ADDED ENTRY ELEMENTS (KOHA)
Koha item type წიგნი
Source of classification or shelving scheme
ეგზემპლარები
ჩამოწერის სტატუსი დაკარგული ეგზემპლარის სტატუსი კლასიფიკაციის წყარო ან თაროზე გაწყობის სქემა დაზიანების სტატუსი არ გაიცემა მუდმივი მდებარეობა (დაცვის ადგილი) ამჟამინდელი ადგილსამყოფელი თაროზე განთავსების ადგილი შეძენის თარიღი სრული შენახვის შიფრი შტრიხკოდი ბოლო ოპერაციის თარიღი ეგზემპლარის მიმდევრობითი ნომერი (კეტერი?) ფასის ძალაში შესვლის თარიღი ეგზემპლარის სახეობა
          ბათუმის შოთა რუსთაველის სახელმწიფო უნივერსიტეტის მთავარი ბიბლიოთეკა ბათუმის შოთა რუსთაველის სახელმწიფო უნივერსიტეტის მთავარი ბიბლიოთეკა წიგნსაცავი 2018-12-17 165+130.22+612.821 ც-13 27153 2018-12-17 27153 2018-12-17 წიგნი